书目信息 |
| 题名: |
康有为评传
|
|
| 作者: | 马洪林 著 | |
| 分册: | 上 | |
| 出版信息: | 南京 南京大学出版社 2011.4 |
|
| 页数: | 248页 | |
| 开本: | 23cm | |
| 丛书名: | 中国思想家评传丛书 | |
| 单 册: | ||
| 中图分类: | B258.5 | |
| 科图分类: | ||
| 主题词: | 康有为--(1858-1927)--评传 , 康有为--(1858-1927) | |
| 电子资源: | ||
| ISBN: | 978-7-305-06020-5 | |
| 000 | 00906oam2 2200265 45 | |
| 001 | 512 | |
| 005 | 20120531150149.84 | |
| 010 | @a978-7-305-06020-5@dCNY33.00(上下册66.00) | |
| 100 | @a20120328d2011 em y0chiy0120 ea | |
| 101 | 0 | @achi@deng@eeng |
| 102 | @aCN@b320000 | |
| 105 | @ay z 001yb | |
| 106 | @ar | |
| 200 | 1 | @a康有为评传@AKang You Wei Ping Chuan@h上@HShang@f马洪林著@FMa Hong Lin Zhu |
| 210 | @a南京@c南京大学出版社@d2011.4 | |
| 215 | @a248页@d23cm | |
| 225 | 2 | @a中国思想家评传丛书@e典藏版 |
| 330 | @a本书对近代中国改革思想家康有为作多侧面全景式研究。内容包括:家世、时代、生平;“变科举、兴学校、学西学”;今文经学大师等。 | |
| 461 | 0 | @12001 @a中国思想家评传丛书@e典藏版 |
| 606 | 0 | @a康有为@f(1858-1927)@x评传 |
| 606 | 0 | @a康有为@f(1858-1927) |
| 690 | @aB258.5@v4 | |
| 701 | 0 | @a马洪林@AMa Hong Lin@4著 |
| 801 | 0 | @aCN@bTSTCL@c20120328 |
| 905 | @b0814970-72@dB258.5@e52:1@f3 | |
| 康有为评传.上/马洪林著.-南京:南京大学出版社,2011.4 |
| 248页;23cm.-(中国思想家评传丛书:典藏版) |
| ISBN 978-7-305-06020-5:CNY33.00(上下册66.00) |
| 本书对近代中国改革思想家康有为作多侧面全景式研究。内容包括:家世、时代、生平;“变科举、兴学校、学西学”;今文经学大师等。 |
| ● |
| 相关链接 |
|
|
|
|
正题名:康有为评传
索取号:B258.5/52:1
 
预约/预借
| 序号 | 登录号 | 条形码 | 馆藏地/架位号 | 状态 | 备注 |
| 1 | 0814970 | 208149706 | 第一样本阅览室/ [索取号:B258.5/52:1] | 在馆 | |
| 2 | 0814971 | 208149715 | 第一借阅区/ [索取号:B258.5/52:1] | 在馆 | |
| 3 | 0814972 | 208149724 | 第一借阅区/ [索取号:B258.5/52:1] | 在馆 |